Cricket: Leading Wicket Taker in Each Men's World Cup - Statistics

General Stats
  • This quiz has been taken 44 times
    34 since last reset
  • The average score is 7 of 13
Answer Stats
Year Country Wickets Average Answer % Correct
2019 AUS 27 18.59 Mitchell Starc
94%
2023 IND 24 10.70 Mohammed Shami
84%
2015 AUS 22 10.18 Mitchell Starc
81%
2007 AUS 26 13.73 Glenn McGrath
75%
1992 PAK 18 18.77 Wasim Akram
75%
2003 SL 23 14.39 Chaminda Vaas
69%
2011 PAK 21 12.85 Shahid Afridi
69%
1996 IND 15 18.73 Anil Kumble
47%
1987 AUS 18 18.94 Craig McDermott
31%
1983 IND 18 18.66 Roger Binny
31%
1975 AUS 11 5.63 Gary Gilmour
22%
1999 NZ 20 16.25 Geoff Allott
9%
1979 ENG 10 14.90 Mike Hendrick
9%
No matching quizzes found
Score Distribution
Percent of People with Each Score
Percentile by Number Answered
Your Score History
You have not taken this quiz since the last reset